| 000 | 00662nam a22002057a 4500 | ||
|---|---|---|---|
| 999 |
_c7558 _d7558 |
||
| 001 | 21236 | ||
| 003 | BD-DhUAP | ||
| 005 | 20210127121806.0 | ||
| 008 | 210124s2004 bg a 000 0 eng | ||
| 020 | _a9843208587 | ||
| 040 |
_aBD-DhUAP _bEng _cBD-DhUAP _dBD-DhUAP |
||
| 082 | 0 | 0 |
_a954.92051 QUA _223 |
| 100 | _aQuadir, Muhammad Nurul. | ||
| 245 |
_aIndependence of Bangladesh in 266 days : _chistory and documentary evidence / _bMuhammad Nurul Quadir. |
||
| 260 |
_aDhaka : _bMukto Publishers, _cc2004. |
||
| 300 |
_a780 pages : _billustrations ; _c28 cm. |
||
| 500 | _aIncludes index. | ||
| 651 |
_aBangladesh _vHistory _yRevolution, 1971. |
||
| 942 |
_2ddc _cREF |
||